[Event "56th ch-RUS"]
[Site "Krasnoyarsk"]
[Date "2003.09.10"]
[Round "7"]
[White "Kharlov, Andrei"]
[Black "Khalifman, Alexander"]
[Result "1/2-1/2"]
[WhiteElo "2591"]
[BlackElo "2678"]
[PlyCount "111"]
[EventDate "2003.09.03"]
[Source "Roberto Alvarez"]
[SourceDate "2003.09.15"]

1. e4 e5 2. Nf3 Nc6 3. Bb5 a6 4. Ba4 Nf6 5. Bxc6 dxc6 6. d3 Nd7 7. Nbd2 Bd6 8. Nc4 O-O 9. O-O Re8 10. Re1 c5 11. h3 Nf8 12. Bd2 Ng6 13. a3 b5 14. Na5 f6 15. Be3 f5 16. exf5 Bxf5 17. Ng5 Qe7 18. Nb7 Rf8 19. Ne4 c4 20. Ng3 Bc8 21. Na5 cxd3 22. Qxd3 Qf7 23. Ne4 Be7 24. Nc6 Bh4 25. a4 Be6 26. axb5 Bc4 27. Qc3 Bd5 28. Ng3 axb5 29. Rxa8 Rxa8 30. Nxe5 Nxe5 31. Qxe5 Re8 32. Qd4 Bxg3 33. fxg3 Qf5 34. g4 Qe4 35. Qxe4 Bxe4 36. Bf4 Bc6 37. Rxe8+ Bxe8 38. Bxc7 Bg6 39. c3 Be4 40. Kf2 Kf7 41. g3 Ke6 42. Ke3 Bg2 43. h4 Bh3 44. Kf4 Bf1 45. Ke3 Kd5 46. h5 Bc4 47. Bb6 Bb3 48. Bd4 g6 49. Kf4 Bc2 50. Kg5 Ke6 51. Kh6 Kf7 52. Be3 Kg8 53. Bd2 Kf7 54. b3 Bxb3 55. Kxh7 Bc2 56. Kh6 1/2-1/2

[Event "Woburn, MA"]
[Site "?"]
[Date "2001.03.03"]
[Round "3"]
[White "Sevillano Enrico M"]
[Black "Ivanov Alexander"]
[Result "1-0"]
[WhiteElo "2566"]
[BlackElo "2659"]
[PlyCount "73"]
[EventDate "2001.??.??"]
[Source "www.chesslib.no"]
[SourceDate "2004.05.04"]

1. e4 e5 2. Nf3 Nc6 3. Bb5 a6 4. Ba4 Nf6 5. Bxc6 dxc6 6. d3 Nd7 7. Nbd2 g6 8. Nc4 Bg7 9. Be3 c5 10. Qd2 b6 11. Bh6 Qf6 12. h4 Bb7 13. h5 Bxh6 14. Qxh6 O-O-O 15. b3 Rhg8 16. Ne3 Qe7 17. O-O-O f6 18. hxg6 hxg6 19. Qh3 Kb8 20. Ng1 Nf8 21. Ne2 Ne6 22. Ng4 Rdf8 23. Qg3 Qd6 24. Ne3 b5 25. f3 Nd4 26. Qe1 f5 27. c3 Ne6 28. Rh6 Qd7 29. Qh1 Ka7 30. Qh2 Nf4 31. Nxf4 exf4 32. Nc2 Qd6 33. Rh7 Rd8 34. exf5 gxf5 35. d4 Rg3 36. Rd2 Qc6 37. Qh4 1-0

[Event "Troll Masters"]
[Site "Gausdal NOR"]
[Date "1991.??.??"]
[Round "5"]
[White "Ivanov, Alexander"]
[Black "Shirov, Alexei D"]
[Result "0-1"]
[WhiteElo "2525"]
[BlackElo "2615"]
[PlyCount "120"]
[EventDate "1991.01.??"]
[Source "www.chesslib.no"]
[SourceDate "2004.05.04"]

1. e4 e5 2. Nf3 Nc6 3. Bb5 a6 4. Ba4 Nf6 5. Bxc6 dxc6 6. d3 Nd7 7. Nbd2 Bd6 8. b3 O-O 9. Bb2 b5 10. O-O c5 11. g3 f6 12. Nh4 Nb6 13. Nf5 Be6 14. Nxd6 Qxd6 15. Qe2 a5 16. f4 c4 17. dxc4 bxc4 18. Qe3 Rad8 19. Rf2 exf4 20. gxf4 Rfe8 21. e5 fxe5 22. Bxe5 Qc6 23. Qg3 g6 24. Bb2 c3 25. Qxc3 Qxc3 26. Bxc3 a4 27. Be5 Rc8 28. Ne4 Nd7 29. Rd1 Re7 30. Rfd2 Nxe5 31. fxe5 Bf5 32. Re1 Kg7 33. Nc5 axb3 34. cxb3 Rce8 35. Rde2 Rd8 36. b4 Rd4 37. a3 h5 38. Re3 h4 39. R1e2 g5 40. Kf2 Kg6 41. Rb2 Rf7 42. Ke1 Bg4 43. Nd3 Rf3 44. Rxf3 Bxf3 45. Nc5 g4 46. Kf2 Kf5 47. Ke3 Kxe5 48. h3 Rc4 49. Nd3+ Kf5 50. hxg4+ Bxg4 51. Rf2+ Kg5 52. Ne5 Rc3+ 53. Kd4 Rxa3 54. Rf7 Bf5 55. Rxc7 h3 56. Rc1 Kh4 57. Nc4 Rb3 58. Ke5 Bg4 59. Nd2 Rxb4 60. Ne4 Bf3 0-1

[Event "Santa Cruz de la Palma"]
[Site "?"]
[Date "2000.??.??"]
[Round "?"]
[White "Barlov, D."]
[Black "Sokolov, I."]
[Result "0-1"]
[WhiteElo "2465"]
[BlackElo "2635"]
[PlyCount "62"]
[EventDate "2000.??.??"]
[Source "Chess Informant"]
[SourceDate "2000.06.01"]

1. e4 e5 2. Nf3 Nc6 3. Bb5 a6 4. Ba4 Nf6 5. Bxc6 dxc6 6. d3 Bd6 7. Nbd2 Be6 8. b3 Nd7 9. Bb2 Bg4 10. h3 Bh5 11. Qe2 Qe7 12. Qe3 Bc5 13. Qg5 Qxg5 14. Nxg5 Nf8 15. Ngf3 f6 16. d4 exd4 17. Bxd4 Be7 18. O-O-O Ne6 19. Be3 O-O-O 20. g4 Bf7 21. Nh4 g6 22. c3 b5 23. Kc2 Bd6 24. Nhf3 c5 25. Ne1 Be8 26. Nd3 Bc6 27. f3 Rd7 28. b4 c4 29. Nc1 Rhd8 30. Ne2 Be5 31. Nb1 Rd3 0-1

[Event "Korinthos op 6th"]
[Site "Korinthos"]
[Date "2002.07.27"]
[Round "5"]
[White "Papaioannou, Ioannis"]
[Black "Grivas, Efstratios"]
[Result "1-0"]
[WhiteElo "2589"]
[BlackElo "2495"]
[PlyCount "51"]
[EventDate "2002.07.23"]
[Source "ChessBase"]
[SourceDate "2002.09.11"]

1. e4 e5 2. Nf3 Nc6 3. Bb5 a6 4. Ba4 Nf6 5. Bxc6 dxc6 6. Nc3 Bb4 7. d3 Bg4 8. h3 Bxf3 9. Qxf3 Nd7 10. O-O Qf6 11. Qxf6 Nxf6 12. Ne2 Bd6 13. Bg5 Be7 14. f4 h6 15. fxe5 hxg5 16. exf6 Bxf6 17. d4 Rh4 18. e5 Be7 19. c3 c5 20. Rad1 Rd8 21. Ng3 g6 22. d5 g4 23. Rfe1 Rd7 24. hxg4 Rxg4 25. Ne4 Kf8 26. g3 1-0

[Event "Panam tt"]
[Site "Rio de Janeiro"]
[Date "2003.12.14"]
[Round "1"]
[White "Mieles Palau, Daniel"]
[Black "Bruzon Bautista, Lazaro"]
[Result "0-1"]
[WhiteElo "2468"]
[BlackElo "2614"]
[PlyCount "62"]
[EventDate "2003.12.14"]
[Source "Roberto Alvarez"]
[SourceDate "2003.12.22"]

1. e4 e5 2. Nf3 Nc6 3. Bb5 a6 4. Ba4 Nf6 5. Bxc6 bxc6 6. Qe2 Bc5 7. d3 d6 8. Be3 Bxe3 9. fxe3 O-O 10. Nbd2 c5 11. O-O a5 12. a4 Qe7 13. Nc4 Be6 14. b3 Rfb8 15. Nfd2 Nd7 16. Qh5 Nf6 17. Qh4 Nd5 18. Qh5 Nb4 19. Na3 f6 20. Rf3 c6 21. Raf1 d5 22. exd5 cxd5 23. e4 c4 24. exd5 Bxd5 25. Rh3 g6 26. Qh4 cxd3 27. cxd3 Rf8 28. Nac4 Rae8 29. Nxa5 Be6 30. Rhf3 Qa7+ 31. Kh1 Qxa5 0-1

[Event "TCh-Serbia & Montenegro"]
[Site "Budva"]
[Date "2003.05.22"]
[Round "5"]
[White "Markovic, Miroslav"]
[Black "Ivanisevic, Ivan"]
[Result "1/2-1/2"]
[WhiteElo "2504"]
[BlackElo "2569"]
[PlyCount "174"]
[EventDate "2003.05.18"]
[Source "Roberto Alvarez"]
[SourceDate "2003.06.30"]

1. e4 e5 2. Nf3 Nc6 3. Bb5 a6 4. Ba4 Nf6 5. Bxc6 dxc6 6. d3 Bd6 7. Nbd2 Qe7 8. O-O Bg4 9. h3 Bh5 10. Re1 Nd7 11. Nf1 O-O-O 12. Ng3 Bxf3 13. Qxf3 g6 14. c3 c5 15. Nf1 Nb8 16. Ne3 Nc6 17. Nd5 Qe6 18. Bg5 Rd7 19. Bf6 Rg8 20. a3 Bf8 21. Bg5 h6 22. Be3 f5 23. b4 Rf7 24. Rab1 cxb4 25. axb4 f4 26. Bd2 Na7 27. c4 c6 28. d4 exd4 29. b5 axb5 30. cxb5 g5 31. Qb3 Rg6 32. Qa4 cxd5 33. Qxa7 dxe4 34. Qa8+ Kc7 35. Rbc1+ Kd6 36. Bb4+ Ke5 37. Bxf8 Rd7 38. Rxe4+ Kxe4 39. Re1+ Kf5 40. Rxe6 Rxe6 41. Qc8 Rf7 42. Bb4 b6 43. Qd8 Ke4 44. Qg8 Rff6 45. Qa8+ Kd3 46. Qa4 Ke4 47. Qc2+ Kd5 48. Kh2 h5 49. Qa2+ Ke5 50. Qe2+ Kd5 51. Qxh5 Kc4 52. Bd2 Rf5 53. Qd1 Rxb5 54. h4 Rh6 55. h5 Rb2 56. Kh3 Rxh5+ 57. Qxh5 Rxd2 58. Qf7+ Kc3 59. f3 b5 60. Qd5 b4 61. Qc5+ Kb3 62. Qxg5 d3 63. Qxf4 Rc2 64. g4 Kc3 65. Qe5+ Kc4 66. g5 d2 67. Qd6 Kc3 68. g6 Rc1 69. g7 d1=Q 70. Qxd1 Rxd1 71. g8=Q b3 72. Qc8+ Kd2 73. Qd7+ Kc2 74. Qc6+ Kb2 75. f4 Rc1 76. Qa4 Rc3+ 77. Kg4 Kc1 78. Qd4 Kc2 79. Qf2+ Kc1 80. Qe1+ Kc2 81. Qf2+ Kc1 82. Qe1+ Kc2 83. Qe4+ Kc1 84. Qd4 Kc2 85. f5 b2 86. f6 b1=Q 87. f7 Rg3+ 1/2-1/2

[Event "Moscow ol (Men)"]
[Site "Moscow"]
[Date "1994.??.??"]
[Round "2"]
[White "Sevillano, Enrico"]
[Black "Van der Sterren, Paul"]
[Result "1/2-1/2"]
[WhiteElo "2445"]
[BlackElo "2605"]
[PlyCount "69"]
[EventDate "1994.11.??"]
[Source "ChessBase"]

1. e4 e5 2. Nf3 Nc6 3. Bb5 a6 4. Ba4 Nf6 5. Bxc6 dxc6 6. d3 Nd7 7. Nbd2 g6 8. Nc4 Bg7 9. Be3 Qe7 10. Qd2 f6 11. O-O O-O 12. Rfe1 Re8 13. d4 exd4 14. Bxd4 Nf8 15. Na5 c5 16. Bc3 b6 17. Nb3 Bb7 18. Qf4 Rad8 19. a4 a5 20. h4 Ne6 21. Qg3 Qf7 22. Nh2 Nd4 23. Bxd4 cxd4 24. Nd2 Bh6 25. f4 f5 26. e5 Qd5 27. Nhf3 Qc5 28. Kh1 Re7 29. Nb3 Qc4 30. Nfd2 Qxc2 31. Rec1 Qxb2 32. Rab1 Qa3 33. Ra1 Qb2 34. Rab1 Qa3 35. Ra1 1/2-1/2

[Event "Gufeld Memorial"]
[Site "Burbank"]
[Date "2003.11.23"]
[Round "2"]
[White "Sevillano, Enrico"]
[Black "Mikhalevski, Victor"]
[Result "1/2-1/2"]
[WhiteElo "2498"]
[BlackElo "2548"]
[PlyCount "32"]
[EventDate "2003.11.22"]
[Source "Roberto Alvarez"]
[SourceDate "2003.12.01"]

1. e4 e5 2. Nf3 Nc6 3. Bb5 a6 4. Ba4 Nf6 5. Bxc6 dxc6 6. d3 Nd7 7. Nbd2 Bd6 8. Nc4 O-O 9. d4 exd4 10. Nxd6 cxd6 11. Qxd4 Re8 12. O-O Qf6 13. Rd1 Qxd4 14. Rxd4 Nf6 15. Rxd6 Nxe4 16. Rd3 Be6 1/2-1/2

[Event "Zlatibor"]
[Site "?"]
[Date "2006.09.02"]
[Round "8"]
[White "Solak Dragan"]
[Black "Radulski Julian"]
[Result "1-0"]
[WhiteElo "2564"]
[BlackElo "2472"]
[PlyCount "141"]
[EventDate "2006.??.??"]
[Source "www.chesslib.no"]
[SourceDate "2004.05.04"]

1. e4 e5 2. Nf3 Nc6 3. Bb5 a6 4. Ba4 Nf6 5. Bxc6 dxc6 6. d3 Bd6 7. Nbd2 O-O 8. O-O Bg4 9. h3 Bh5 10. Nc4 Nd7 11. Ne3 Nc5 12. Nf5 Ne6 13. Be3 c5 14. c3 Re8 15. Kh1 Bg6 16. g4 Qd7 17. Rg1 Rad8 18. h4 Nf4 19. Qf1 c4 20. Bxf4 exf4 21. d4 Bf8 22. Re1 Qb5 23. Qe2 h5 24. Ne5 Rxe5 25. dxe5 Rd3 26. f3 Qxe5 27. Rd1 hxg4 28. Rxd3 cxd3 29. Qxd3 g3 30. Nd4 Qf6 31. Kg2 Qxh4 32. Rh1 Qd8 33. Rd1 Qh4 34. Rh1 Qg5 35. Nf5 Bh5 36. Qd5 g6 37. Nd4 Qf6 38. e5 Qg5 39. Qe4 Bc5 40. e6 Bd6 41. exf7+ Kxf7 42. Qe6+ Kg7 43. Qxd6 cxd6 44. Ne6+ Kf6 45. Nxg5 Kxg5 46. Rd1 Kf5 47. Rd5+ Ke6 48. c4 b5 49. b3 b4 50. Ra5 Ke7 51. Rxa6 g5 52. Ra5 Kf6 53. Rd5 Bf7 54. Rxd6+ Ke5 55. Rd7 Be6 56. Re7 Kf6 57. Re8 Bd7 58. Rd8 Ke7 59. Rg8 Kf6 60. c5 Bc6 61. Rc8 Bd5 62. c6 g4 63. Rf8+ Ke5 64. c7 gxf3+ 65. Kf1 Bb7 66. c8=Q Bxc8 67. Rxc8 Kd4 68. Rc4+ Ke3 69. Rxb4 f2 70. Rb8 Kf3 71. Rg8 1-0

[Event "5th IECC"]
[Site "Antalya"]
[Date "2004.05.15"]
[Round "1"]
[White "Mazi, Leon"]
[Black "Sargissian, Gabriel"]
[Result "0-1"]
[WhiteElo "2417"]
[BlackElo "2614"]
[PlyCount "62"]
[EventDate "2004.05.15"]
[Source "Roberto Alvarez"]
[SourceDate "2004.05.31"]

1. e4 e5 2. Nf3 Nc6 3. Bb5 a6 4. Ba4 Nf6 5. Bxc6 dxc6 6. d3 Nd7 7. Nbd2 g6 8. O-O Bg7 9. Nc4 O-O 10. h3 c5 11. Nh2 b6 12. Ng4 h5 13. Nh2 Bb7 14. Nf3 Qe8 15. Re1 Nb8 16. Qe2 Nc6 17. c3 Rd8 18. Be3 Rd7 19. Rad1 Qe7 20. a4 Rfd8 21. Qc2 a5 22. Bg5 f6 23. Bc1 Qe6 24. Qe2 Ba6 25. b3 Re8 26. Nh4 Ne7 27. Nf3 Nc8 28. Nh4 Ne7 29. Nf3 Red8 30. Nh4 Qf7 31. Rf1 Qe8 0-1

[Event "CM.2001.0.00143"]
[Site "?"]
[Date "2001.??.??"]
[Round "?"]
[White "Galvin Richard"]
[Black "Gutsche Dieter"]
[Result "1/2-1/2"]
[WhiteElo "2615"]
[BlackElo "2415"]
[PlyCount "48"]
[EventDate "2001.??.??"]
[Source "www.chesslib.no"]
[SourceDate "2004.05.04"]

1. e4 e5 2. Nf3 Nc6 3. Bb5 a6 4. Ba4 Nf6 5. Bxc6 dxc6 6. d3 Bd6 7. Nbd2 Be6 8. b3 Nd7 9. Bb2 O-O 10. Nc4 f5 11. exf5 Bxf5 12. O-O Bg4 13. Ncd2 e4 14. dxe4 Ne5 15. Bxe5 Bxe5 16. Rb1 Bc3 17. h3 Bh5 18. g4 Bxg4 19. hxg4 Qd7 20. Nh4 Bxd2 21. Qe2 Qe7 22. Nf5 Qg5 23. Rbd1 Rad8 24. f3 b5 1/2-1/2

[Event "Griesheim GM 3rd"]
[Site "Griesheim"]
[Date "2003.01.31"]
[Round "3"]
[White "Buhmann, Rainer"]
[Black "Galdunts, Sergey"]
[Result "1-0"]
[WhiteElo "2525"]
[BlackElo "2487"]
[PlyCount "119"]
[EventDate "2003.01.29"]
[Source "ChessBase"]
[SourceDate "2003.05.26"]

1. e4 e5 2. Nf3 Nc6 3. Bb5 a6 4. Ba4 Nf6 5. Bxc6 dxc6 6. d3 Nd7 7. O-O c5 8. Nbd2 g6 9. Nc4 Bg7 10. b3 O-O 11. Bb2 Re8 12. Qd2 b6 13. a3 a5 14. b4 axb4 15. axb4 Ba6 16. Ne3 cxb4 17. Qxb4 Nc5 18. h3 Qd7 19. Rfd1 f6 20. d4 exd4 21. Bxd4 Qc6 22. Nd5 Kf7 23. Qc3 Bb7 24. Rxa8 Bxa8 25. Bxc5 bxc5 26. Qc4 Kf8 27. e5 Rd8 28. exf6 Bxf6 29. Qf4 Rxd5 30. Rxd5 Qxd5 31. Qxf6+ Kg8 32. Qe7 Qd1+ 33. Ne1 Bc6 34. Qe6+ Kg7 35. Qe7+ Kg8 36. c3 Qd6 37. Qe3 Qd5 38. f3 Bb5 39. Kf2 Qd6 40. Nc2 Kf7 41. Qe1 Bd3 42. Ne3 h5 43. Qd2 c4 44. g3 g5 45. Qe1 h4 46. gxh4 Qh2+ 47. Ng2 gxh4 48. Qe3 Qg3+ 49. Kg1 Qxh3 50. Qf4+ Ke6 51. Kf2 Qh1 52. Qxh4 Qc1 53. Qd4 c5 54. Qg7 Qd2+ 55. Kg3 Kd6 56. Qf6+ Kd7 57. Qe5 Kc6 58. Nf4 Qd1 59. Qe8+ Kc7 60. Qe3 1-0

[Event "Asian Teams"]
[Site "Jodhpur"]
[Date "2003.04.09"]
[Round "3"]
[White "Ramesh, RB."]
[Black "Harikrishna, Penteala"]
[Result "1-0"]
[WhiteElo "2444"]
[BlackElo "2563"]
[PlyCount "118"]
[EventDate "2003.04.07"]
[Source "Roberto Alvarez"]
[SourceDate "2003.04.14"]

1. e4 e5 2. Nf3 Nc6 3. Bb5 a6 4. Ba4 Nf6 5. Bxc6 dxc6 6. d3 Nd7 7. Nbd2 Bd6 8. O-O c5 9. Nc4 O-O 10. b3 b5 11. Ne3 Re8 12. a4 Nb6 13. axb5 axb5 14. Rxa8 Nxa8 15. Bb2 Nb6 16. Qa1 f6 17. c4 Be6 18. Nd2 Qd7 19. cxb5 Qxb5 20. Nec4 Rd8 21. f4 Ra8 22. Qe1 exf4 23. e5 fxe5 24. Bxe5 Bxc4 25. bxc4 Qe8 26. Bxd6 Qxe1 27. Rxe1 cxd6 28. Re6 Rd8 29. Re4 Rf8 30. Kf2 Nd7 31. Re6 Ne5 32. Rxd6 Ng4+ 33. Ke2 Ne3 34. Kf3 g5 35. h3 Nf5 36. Rd5 Nh4+ 37. Kf2 h6 38. Nf3 Nxf3 39. gxf3 Rc8 40. h4 gxh4 41. Kg2 Kf7 42. Kh3 Ke7 43. Kxh4 Rg8 44. Rxc5 Rg3 45. d4 Rxf3 46. Kg4 Rd3 47. Re5+ Kd6 48. Rd5+ Kc6 49. Kxf4 h5 50. Ke4 Rc3 51. c5 h4 52. Rd6+ Kc7 53. Rh6 h3 54. Kd5 Rg3 55. Rh7+ Kb8 56. Kc6 Rg6+ 57. Kb5 Rg3 58. d5 Kc8 59. d6 Ra3 1-0

[Event "Minsk"]
[Site "Minsk"]
[Date "1995.??.??"]
[Round "5"]
[White "Kochetkov, German"]
[Black "Korneev, Oleg"]
[Result "0-1"]
[WhiteElo "2465"]
[BlackElo "2540"]
[PlyCount "81"]
[EventDate "1995.??.??"]
[Source "ChessBase"]

1. e4 e5 2. Nf3 Nc6 3. Bb5 a6 4. Ba4 Nf6 5. Bxc6 dxc6 6. d3 Nd7 7. Nbd2 Bd6 8. Nc4 O-O 9. O-O Re8 10. b3 c5 11. h3 Nf8 12. Bb2 Ng6 13. Kh2 Qf6 14. Ng1 Qe7 15. Ne2 f5 16. exf5 Bxf5 17. Ng3 Rf8 18. Qe1 Bd7 19. Ne4 Nf4 20. Bc1 Ne6 21. Be3 b5 22. Ncd2 Rad8 23. Kh1 Nd4 24. Rc1 Bc6 25. f3 a5 26. c3 Ne6 27. c4 b4 28. a3 bxa3 29. Ra1 Nd4 30. Qd1 Ra8 31. Rxa3 Ra6 32. Re1 Ne6 33. Nb1 Bxe4 34. dxe4 Nd4 35. Nd2 Qh4 36. Rf1 Be7 37. Ra2 Bg5 38. Bf2 Qh6 39. Bxd4 exd4 40. Qe2 d3 41. Qxd3 0-1

[Event "Paris Open"]
[Site "Paris FRA"]
[Date "1995.??.??"]
[Round "?"]
[White "Gofshtein, Zeev-Alon"]
[Black "Korneev, Oleg"]
[Result "0-1"]
[WhiteElo "2465"]
[BlackElo "2540"]
[PlyCount "70"]
[EventDate "1995.04.??"]
[Source "www.chesslib.no"]
[SourceDate "2004.05.04"]

1. e4 e5 2. Nf3 Nc6 3. Bb5 a6 4. Ba4 Nf6 5. Bxc6 dxc6 6. Nc3 Qd6 7. d4 Bg4 8. dxe5 Qxd1+ 9. Kxd1 Nd7 10. h3 Bxf3+ 11. gxf3 Nxe5 12. Ke2 Bb4 13. Nd1 O-O-O 14. a3 Bd6 15. f4 Ng6 16. f5 Ne7 17. f4 f6 18. Nf2 g6 19. fxg6 Nxg6 20. f5 Ne5 21. b3 c5 22. Bb2 Rde8 23. Rad1 a5 24. a4 c4 25. Rd5 cxb3 26. cxb3 b6 27. Bxe5 Bxe5 28. Rg1 h5 29. Nd3 Bd6 30. Kf3 Rhg8 31. Rxg8 Rxg8 32. Nf4 Bxf4 33. Kxf4 Rg1 34. Rd3 Re1 35. Rg3 Rd1 0-1

[Event "It (Open) Herceg Novi SCG"]
[Site "?"]
[Date "2005.02.28"]
[Round "5"]
[White "Savic Miodrag R"]
[Black "Abramovic Bosko"]
[Result "1/2-1/2"]
[WhiteElo "2508"]
[BlackElo "2478"]
[PlyCount "50"]
[EventDate "2005.??.??"]
[Source "www.chesslib.no"]
[SourceDate "2004.05.04"]

1. e4 e5 2. Nf3 Nc6 3. Bb5 a6 4. Ba4 Nf6 5. Bxc6 dxc6 6. d3 Bd6 7. Nbd2 Nd7 8. Nc4 O-O 9. O-O Re8 10. b3 c5 11. Bb2 f6 12. c3 Nf8 13. Nh4 Ne6 14. Qf3 Bf8 15. Rad1 g6 16. Rfe1 Bg7 17. Qe3 b6 18. Nf3 Bb7 19. h4 Qe7 20. h5 Nf4 21. hxg6 hxg6 22. Nh4 f5 23. Qg3 Nh5 24. Qh2 Qg5 25. Nf3 Qf4 1/2-1/2

[Event "XIV Open Belisce Metalis"]
[Site "Bizovac CRO"]
[Date "2007.02.24"]
[Round "6"]
[White "Runic, Z."]
[Black "Pavasovic, D."]
[Result "0-1"]
[WhiteElo "2410"]
[BlackElo "2575"]
[PlyCount "78"]
[EventDate "2007.02.22"]
[Source "www.chesslib.no"]
[SourceDate "2004.05.04"]

1. e4 e5 2. Nf3 Nc6 3. Bb5 a6 4. Ba4 Nf6 5. Bxc6 dxc6 6. d3 Bd6 7. Nbd2 Be6 8. O-O c5 9. b3 b5 10. Ng5 Bg4 11. f3 Bd7 12. f4 exf4 13. e5 Bxe5 14. Re1 Be6 15. Nxe6 fxe6 16. Rb1 O-O 17. Kh1 Bd4 18. Qf3 e5 19. Ne4 Nxe4 20. Rxe4 Qd6 21. Bd2 b4 22. Rf1 a5 23. Re2 a4 24. h3 axb3 25. axb3 Ra2 26. Be1 Ra1 27. Kh2 Rf6 28. Re4 Rc1 29. Qe2 Qa6 30. Bh4 Rxf1 31. Qxf1 Rg6 32. Qe2 Qd6 33. Bf2 Rg5 34. Qf3 h6 35. Kh1 Qg6 36. Bxd4 cxd4 37. Re1 Kh7 38. Qd5 Rg3 39. Rf1 f3 0-1

[Event "Biel"]
[Site "Biel"]
[Date "1983.??.??"]
[Round "?"]
[White "Campora, Daniel Hugo"]
[Black "Hebden, Mark"]
[Result "0-1"]
[WhiteElo "2485"]
[BlackElo "2495"]
[PlyCount "74"]
[EventDate "1983.07.??"]
[Source "ChessBase"]

1. e4 e5 2. Nf3 Nc6 3. Bb5 a6 4. Ba4 Nf6 5. Bxc6 dxc6 6. d3 Nd7 7. O-O Bd6 8. Nbd2 O-O 9. Nc4 Re8 10. b3 Nf8 11. Bb2 Ng6 12. d4 exd4 13. Qxd4 Bf8 14. Qxd8 Rxd8 15. Nfe5 Be6 16. Rfd1 Nxe5 17. Nxe5 a5 18. Nd3 f6 19. f4 f5 20. e5 a4 21. Bc3 axb3 22. axb3 Rxa1 23. Bxa1 c5 24. Rb1 b5 25. Bc3 c4 26. bxc4 Bxc4 27. Kf2 c5 28. Nb2 Be6 29. Ke2 b4 30. Bd2 Bd5 31. g3 Be4 32. Rc1 Ra8 33. Nc4 Ra2 34. Kd1 Kf7 35. Ne3 Ke6 36. Rb1 g5 37. fxg5 Bg7 0-1

[Event "Open 2007"]
[Site "Miami USA"]
[Date "2007.09.30"]
[Round "9"]
[White "Sarkar, Justin"]
[Black "Friedel, Joshua"]
[Result "1-0"]
[WhiteElo "2437"]
[BlackElo "2540"]
[PlyCount "141"]
[EventDate "2007.09.26"]
[Source "www.chesslib.no"]
[SourceDate "2004.05.04"]

1. e4 e5 2. Nf3 Nc6 3. Bb5 a6 4. Ba4 Nf6 5. Bxc6 dxc6 6. d3 Nd7 7. Nbd2 Bd6 8. b3 c5 9. Nc4 f6 10. Bb2 Nf8 11. Nh4 Be6 12. Nf5 Kf7 13. O-O b5 14. Nce3 h5 15. g3 Ng6 16. a4 b4 17. Nc4 Bxf5 18. exf5 Ne7 19. Qf3 Qd7 20. Ne3 Qc6 21. Qe4 Qxe4 22. dxe4 Nc6 23. Kg2 Rhe8 24. Nc4 Rad8 25. Rad1 Nd4 26. Bxd4 cxd4 27. Rd3 c6 28. Kh3 Bc7 29. Kh4 c5 30. Rfd1 Rg8 31. Rf3 Rde8 32. Kh3 Rh8 33. Kg2 Re7 34. h4 Ree8 35. Kf1 Ke7 36. Ke2 Rh7 37. Rg1 Kd7 38. g4 hxg4 39. Rxg4 Kc6 40. Rfg3 Re7 41. Kd3 Rf7 42. Nb2 Bd6 43. Kc4 Rd7 44. Nd3 Re7 45. Rh3 Rh5 46. Rh1 Rd7 47. Rhg1 Rh7 48. Rh1 Rh5 49. Rg6 Re7 50. Rh3 Rd7 51. f4 Re7 52. fxe5 Bxe5 53. Nxc5 Bd6 54. Nxa6 Kb6 55. e5 Rxe5 56. Nxb4 Rc5+ 57. Kxd4 Rhxf5 58. c4 Rce5 59. Nd5+ Kc6 60. b4 Bf8 61. Re3 Rxd5+ 62. cxd5+ Rxd5+ 63. Kc4 Rd1 64. b5+ Kb6 65. h5 Rc1+ 66. Rc3 Ra1 67. h6 Rxa4+ 68. Kd5 Ra7 69. h7 Rd7+ 70. Kc4 Rc7+ 71. Kb3 1-0

[Event "LXIV Campionato polacco"]
[Site "Opole POL"]
[Date "2007.02.18"]
[Round "9"]
[White "Bartel, Mat"]
[Black "Lubczynski, R."]
[Result "1-0"]
[WhiteElo "2587"]
[BlackElo "2383"]
[PlyCount "101"]
[EventDate "2007.02.09"]
[Source "www.chesslib.no"]
[SourceDate "2004.05.04"]

1. e4 e5 2. Nf3 Nc6 3. Bb5 a6 4. Ba4 Nf6 5. Bxc6 dxc6 6. d3 Bd6 7. Nbd2 Be6 8. h3 Nd7 9. Nf1 f6 10. g4 Qe7 11. Ng3 g6 12. a3 c5 13. Qe2 Nb8 14. Be3 Nc6 15. c3 a5 16. a4 Qf7 17. Nd2 h5 18. gxh5 gxh5 19. O-O-O O-O-O 20. Nc4 b6 21. Nf5 Bf8 22. b3 Ne7 23. Nh4 Ng6 24. Nxg6 Qxg6 25. f4 Bxc4 26. f5 Bxd3 27. Rxd3 Qe8 28. Rxd8+ Qxd8 29. Rg1 Qd7 30. Qc4 Kb7 31. Kc2 Rh7 32. Rg6 Qd6 33. Qd5+ Qxd5 34. exd5 Bg7 35. Bf2 h4 36. Kd3 Kc8 37. Rg4 Kd8 38. Bxh4 Ke7 39. Bg3 Kf7 40. Rh4 Rxh4 41. Bxh4 Ke7 42. Be1 Bh6 43. h4 Kf7 44. Kc4 Bf4 45. b4 cxb4 46. cxb4 axb4 47. Bxb4 Bg3 48. h5 Kg7 49. Kd3 Kh6 50. Ke4 Kxh5 51. Be7 1-0

[Event "Campionato europeo 2007"]
[Site "Dresda GER"]
[Date "2007.04.12"]
[Round "9.102"]
[White "Berelovich, Aleksandar"]
[Black "Khmelniker, Ilya"]
[Result "1-0"]
[WhiteElo "2556"]
[BlackElo "2411"]
[PlyCount "155"]
[EventDate "2007.04.03"]
[Source "www.chesslib.no"]
[SourceDate "2004.05.04"]

1. e4 e5 2. Nf3 Nc6 3. Bb5 a6 4. Ba4 Nf6 5. Bxc6 dxc6 6. d3 Nd7 7. O-O Bd6 8. Nbd2 O-O 9. Nc4 Re8 10. b3 Bf8 11. Bb2 f6 12. Nh4 Nc5 13. Kh1 Ne6 14. Qd2 c5 15. a4 b6 16. Nf5 Bb7 17. Rae1 Qd7 18. Qe3 Rad8 19. Qg3 b5 20. axb5 axb5 21. Nce3 Kh8 22. h3 Qf7 23. Ra1 Ra8 24. Qg4 Nf4 25. Ng3 Bc8 26. Qf3 Be6 27. Ne2 Ng6 28. Bc3 Rxa1 29. Rxa1 c4 30. bxc4 bxc4 31. d4 exd4 32. Nxd4 Bd7 33. Ra7 Ne5 34. Qd1 Bd6 35. Ndf5 Bxf5 36. Nxf5 Bc5 37. Rb7 Bb6 38. Bxe5 fxe5 39. Nd6 Qd7 40. Qd5 Qxd6 41. Qxd6 cxd6 42. Rxb6 Rd8 43. Rc6 Kg8 44. Rxc4 Rd7 45. Kh2 Kf7 46. Rc6 Ke7 47. Kg3 Ra7 48. Kg4 Kd7 49. Rc3 Ke6 50. f3 Rb7 51. h4 Rf7 52. h5 h6 53. Rc6 Ra7 54. c4 Ra5 55. Rc7 Kf6 56. g3 Ra6 57. f4 exf4 58. gxf4 Ra1 59. Rc6 Rg1+ 60. Kf3 Ke7 61. c5 dxc5 62. Rxc5 Ke6 63. Rc6+ Kf7 64. e5 Re1 65. Rc7+ Kf8 66. Kg4 Rh1 67. Kf5 Rxh5+ 68. Ke6 g6 69. Kd6 Rh1 70. f5 gxf5 71. e6 Re1 72. Rf7+ Ke8 73. Ra7 Kf8 74. Ra8+ Kg7 75. e7 Rd1+ 76. Kc5 Rc1+ 77. Kd4 Rd1+ 78. Kc3 1-0

[Event "GRE Club Cup 21st"]
[Site "?"]
[Date "2002.12.08"]
[Round "2"]
[White "Papaioannou Ioannis"]
[Black "Markidis Konstantinos"]
[Result "1-0"]
[WhiteElo "2587"]
[BlackElo "2377"]
[PlyCount "115"]
[EventDate "2002.??.??"]
[Source "www.chesslib.no"]
[SourceDate "2004.05.04"]

1. e4 e5 2. Nf3 Nc6 3. Bb5 a6 4. Ba4 Nf6 5. Bxc6 dxc6 6. Nc3 Bc5 7. d3 Nd7 8. Qe2 O-O 9. Be3 Bxe3 10. Qxe3 c5 11. O-O b6 12. Rae1 Re8 13. Nd2 Nf8 14. f4 exf4 15. Qxf4 Be6 16. Nf3 Ng6 17. Qg3 f6 18. h4 Ne5 19. Ne2 Bf7 20. Kh2 Qd6 21. Nxe5 Rxe5 22. Ng1 Re7 23. Nf3 Qxg3+ 24. Kxg3 Rae8 25. Kf4 h5 26. a3 Bg6 27. Nd2 b5 28. Re3 Rd8 29. Nf3 Rde8 30. Rfe1 Re6 31. R1e2 R8e7 32. e5 Kf7 33. exf6 Rxf6+ 34. Kg3 Rxe3 35. Rxe3 c4 36. dxc4 bxc4 37. Rc3 Ke7 38. Rxc4 Kd8 39. c3 Re6 40. Rd4+ Ke7 41. Kf2 Bf5 42. Rd5 Rf6 43. Ke3 g6 44. b4 Bg4 45. Ne5 Bc8 46. Rc5 Kd6 47. Nc4+ Kd7 48. Ne5+ Kd6 49. Nc4+ Kd7 50. Rg5 Ke7 51. Re5+ Be6 52. Nd2 Kd6 53. Ra5 Kd7 54. Rxa6 Rf5 55. Nf3 c6 56. Ra5 Bd5 57. c4 Be4 58. Kxe4 1-0

[Event "XIV Magistral"]
[Site "Elgoibar"]
[Date "2004.12.14"]
[Round "3.5"]
[White "Saldano, Horacio"]
[Black "Flear, Glenn C"]
[Result "1/2-1/2"]
[WhiteElo "2482"]
[BlackElo "2479"]
[PlyCount "55"]
[EventDate "2004.12.12"]
[Source "Roberto Alvarez"]
[SourceDate "2004.12.13"]

1. e4 e5 2. Nf3 Nc6 3. Bb5 a6 4. Ba4 Nf6 5. Bxc6 dxc6 6. d3 Bd6 7. Bg5 h6 8. Bh4 Qe7 9. Nbd2 g5 10. Bg3 Nh5 11. Qe2 Bg4 12. h3 Bd7 13. Nc4 O-O-O 14. O-O-O g4 15. Nxd6+ cxd6 16. hxg4 Nxg3 17. fxg3 Bxg4 18. Qe3 Rdg8 19. Rxh6 Rxh6 20. Qxh6 Bxf3 21. gxf3 Rxg3 22. f4 exf4 23. Qxf4 Qg5 24. Qxg5 Rxg5 25. Rf1 Rg7 26. Kd2 Kd7 27. c4 Ke6 28. Rf5 1/2-1/2